<?xml version="1.0" encoding="UTF-8"?><?xml-stylesheet type="text/xsl" href="static/style.xsl"?><OAI-PMH xmlns="http://www.openarchives.org/OAI/2.0/" xmlns:xsi="http://www.w3.org/2001/XMLSchema-instance" xsi:schemaLocation="http://www.openarchives.org/OAI/2.0/ http://www.openarchives.org/OAI/2.0/OAI-PMH.xsd"><responseDate>2026-04-27T08:07:22Z</responseDate><request verb="GetRecord" identifier="oai:uvadoc.uva.es:10324/43824" metadataPrefix="marc">https://uvadoc.uva.es/oai/request</request><GetRecord><record><header><identifier>oai:uvadoc.uva.es:10324/43824</identifier><datestamp>2021-06-18T08:15:03Z</datestamp><setSpec>com_10324_38</setSpec><setSpec>col_10324_787</setSpec></header><metadata><record xmlns="http://www.loc.gov/MARC21/slim" xmlns:doc="http://www.lyncode.com/xoai" xmlns:xsi="http://www.w3.org/2001/XMLSchema-instance" xmlns:dcterms="http://purl.org/dc/terms/" xsi:schemaLocation="http://www.loc.gov/MARC21/slim http://www.loc.gov/standards/marcxml/schema/MARC21slim.xsd">
<leader>00925njm 22002777a 4500</leader>
<datafield tag="042" ind1=" " ind2=" ">
<subfield code="a">dc</subfield>
</datafield>
<datafield tag="720" ind1=" " ind2=" ">
<subfield code="a">Malumbres Bellino, Rodrigo</subfield>
<subfield code="e">author</subfield>
</datafield>
<datafield tag="260" ind1=" " ind2=" ">
<subfield code="c">2020</subfield>
</datafield>
<datafield tag="520" ind1=" " ind2=" ">
<subfield code="a">La llegada del ferrocarril a las ciudades, ha condicionado su crecimiento y su morfología.&#xd;
Una infraestructura que significó un gran avance tecnológico, urbano, y social.&#xd;
Con el paso del tiempo y la expansión urbana, las infraestructuras ferroviarias&#xd;
quedaron insertas dentro del tejido urbano, provocando situaciones conflictivas, y siendo necesarias&#xd;
actuaciones que den solución al problema del paso de esta infraestructura por la ciudad.&#xd;
El análisis se centra en la condición de barrera, física y social del ferrocarril en la ciudad, y&#xd;
en cómo el diseño urbano puede contribuir a una mejor integración entre estos, sin la necesidad&#xd;
de su expulsión.&#xd;
Mediante el estudio de proyectos que han trabajado en situaciones de conexión,&#xd;
integración o regeneración, se busca encontrar estrategias de actuación extrapolables a la&#xd;
integración ferroviaria en Valladolid.&#xd;
De esta manera, se acepta el ferrocarril en superficie y se busca poner en valor el paisaje&#xd;
ferroviario, entendiendo que las soluciones de integración pueden ser elementos de oportunidad&#xd;
para construir una ciudad más resiliente, segura, y eficiente.&#xd;
Este trabajo pretende aportar soluciones arquitectónicas de calidad ante el reto de la&#xd;
difícil pero necesaria búsqueda de la mayor y mejor transversalidad del ferrocarril en la ciudad&#xd;
de Valladolid. Sobre la base de algunas buenas prácticas y referentes arquitectónicos, se aborda&#xd;
el esquema de un anteproyecto de una posible solución de paso en un lugar determinado de la&#xd;
ciudad.</subfield>
</datafield>
<datafield tag="024" ind2=" " ind1="8">
<subfield code="a">http://uvadoc.uva.es/handle/10324/43824</subfield>
</datafield>
<datafield ind1=" " ind2=" " tag="653">
<subfield code="a">Ferrocarriles - España - Valladolid</subfield>
</datafield>
<datafield ind1=" " ind2=" " tag="653">
<subfield code="a">Urbanismo - España - Valladolid</subfield>
</datafield>
<datafield ind1=" " ind2=" " tag="653">
<subfield code="a">Valladolid (España) - Planes de urbanismo</subfield>
</datafield>
<datafield tag="245" ind1="0" ind2="0">
<subfield code="a">Diseño urbano y ferrocarril. Propuesta proyectual para el paso elevado de Las Norias, Valladolid</subfield>
</datafield>
</record></metadata></record></GetRecord></OAI-PMH>